000
00256nam a2200109Ia 4500
008
230724s1999 xx und d
041
_a
eng
100
_a
GHOSE D.N.
245
_a
A BOOK OF HOME PLANS.
260
_b
C.B.S PUBLISHERS
_c
1999
300
_a
229
999
_c
1171464
_d
1171464